000 01589cam a22004454i 4500
003 PE-LiUPU
005 20250731172914.0
008 150617s r 000 0 d
035 _a(Sirsi) a17006
040 _aPE-LiUPU
_bspa
_cPE-LiUPU
_erda
049 _aPRUA
082 0 4 _a294.5
_bB41
_221
100 1 _aBettany, G. T.,
_eautor.
245 1 4 _aThe World's religions :
_ba popular account of religions ancient and modern /
_cG. T. Bettany.
264 1 _aLondon, New York :
_bWard, Lock & Co.,
_c1890.
300 _a908 páginas ;
_c23 cm.
336 _atext
_2rdacontent
337 _aunmediated
_2rdamedia
338 _avolume
_2rdacarrier
505 0 _aReligions of uncivilised people. -Religions of China and Japan. -Brahmanism, buddhism, and parseeism. -European aryan religions. -Egyptian and semitic religions. -The jewish religion. -The christian religion.
526 _aSEG42
526 _aSEG41
526 _aSEG40
526 _aSEG39
526 _aP94
526 _aP87
526 _aP86
526 _aP85
526 _aP77
526 _aP76
526 _aP35
650 0 4 _aReligiones.
910 _ajck
_bjvq
_cjck
_d20150616
942 _2ddc
_cBOOK
949 _a294.5 B41
_wDEWEY
_c1
_i10892
_lCCODEBUL1
_mBUL
_p00.00
_r0
_sY
_tBOOK
_u19930506
_xTEOLOGIA
_PP35
_0COMPRA
_o.STAFF. Colección General
994 _aC0
_bPEPRU
596 _a1
999 _a294.5 B41
_wDEWEY
_c16538
_i10892
_f2021-11-12
_g5
_lCCODEBUL1
_mBUL
_r0
_sY
_tBOOK
_u2015-6-17
_xTEOLOGIA
_PP35
_0COMPRA
_o.STAFF. Colección General
_d16538
980 _81
_gALBERTO SANCHEZ Responsable de Automatización